000 00710nam a2200289Ia 4500
005 20260324130934.0
008 008 260324s9999 xx 000 0 eng d
020 _a9781849770576
037 _aEBOOK
040 _aCRL
040 _beng
040 _cCRL
041 _2eng
041 _aeng
084 _qCRL
100 _aCharles R. McManis
_91183613
245 0 _aBiodiversity and the Law
245 0 _bIntellectual Property, Biotechnology and Traditional Knowledge
260 _bTaylor and Francis
260 _c2007
365 _a
365 _b240
856 _uhttp://www.taylorfrancis.com/books/9781849770576
942 _cEBOOK
999 _c1780333
_d1780333